| 000 | 00640nam a2200181 u 4500 | ||
|---|---|---|---|
| 001 | 000031624 | ||
| 005 | 20200930063048.0 | ||
| 008 | 110628s1995 dr r 000 0 spa d | ||
| 040 |
_aDO-SdBNP _bspa _cBNPHU |
||
| 082 |
_axxxx _bxxxx |
||
| 110 | 1 |
_aCentro Nacional de Investigaciones en Salud Materno Infantil _955757 |
|
| 245 | 1 | 0 |
_aTalla de escolares dominicanos del primer grado de primaria / _ceditado Marcos Espinal. |
| 260 |
_aSanto Domingo : _bCENISMI, _c1995. |
||
| 300 |
_a26 p. : _bil., map. ; _c1995. |
||
| 490 | 1 |
_aPublicaciones técnicas _v2 |
|
| 700 | 1 |
_aMarcos, Espinal _ved. _957936 |
|
| 830 | 0 |
_aPublicaciones técnicas _n2 _957937 |
|
| 999 |
_c31116 _d31116 |
||